Současné PC /

Hlavní autor: Varner, David, 1972-
Další autoři: Leitgeb, Ivo, 1971-
Jazyk: Čeština
Vydáno: Brno : CCB, 1997
Vydání: 1. vyd.
Edice: Efektivně
Témata:
Fyzický popis: viii, 271 s. : il. ; 23 cm
Knihy
Uloženo v:
LEADER 01280nam a2200385 a 4500
001 000158782
003 CZ BrMZK
005 20250613070602.0
007 ta
008 960815s1997 xr a e f cze d
015 |a cnb000207165 
020 |a 80-85825-22-8 
035 |a (OCoLC)37963633 
040 |a BOA001  |b cze 
072 7 |a 004.4/.6  |x Programování. Software  |2 Konspekt  |9 23 
080 |a 004.382.7  |2 MRF 
080 |a 004.4  |2 MRF 
080 |a (035)  |2 MRF 
100 1 |a Varner, David,  |d 1972-  |7 ola2003204827  |4 aut 
245 1 0 |a Současné PC /  |c David Varner a Ivo Leitgeb 
250 |a 1. vyd. 
260 |a Brno :  |b CCB,  |c 1997 
300 |a viii, 271 s. :  |b il. ;  |c 23 cm 
490 1 |a Efektivně 
504 |a Věcný a názvový rejstřík 
650 0 7 |a osobní počítače  |7 ph115619  |2 czenas 
650 0 7 |a software  |7 ph125823  |2 czenas 
655 7 |a příručky  |7 fd133209  |2 czenas 
700 1 |a Leitgeb, Ivo,  |d 1971-  |7 ola2003204826  |4 aut 
830 0 |a Efektivně 
910 |a BOA001  |b 2-1031.130  |b TK-0260.872 
920 |a 000170769 
990 |a BK 
996 6 |b 2610049711  |c 2-1031.130  |l MZK  |r Sklad / do 1 hodiny  |n 17  |p p.v.  |w 000158782  |u 000010  |a 1  |e BOA001  |j MZK50  |s P 
996 7 |b 2620007040  |c TK-0260.872  |l MZK  |r Sklad / do 24 hodin  |n 2  |p kup  |w 000158782  |u 000020  |a 1  |e BOA001  |j MZK50  |s A